Sindicatos y negociación colectiva en el sector agrario: O'Higgins y Maule

Uloženo v:
Podrobná bibliografie
Hlavní autor: Riquelme Giagnoni, Verónica (Autor)
Médium: Kniha
Jazyk:španělština
Vydáno: Santiago Dirección del Trabajo 2015
Vydání:1a. ed
Edice:Aporte al Debate Laboral, 32
Témata:
Tagy: Přidat tag
Žádné tagy, Buďte první, kdo vytvoří štítek k tomuto záznamu!

MARC

LEADER 00000cam a2200000 a 4500
001 UCE8847
003 CL-VaPUC
008 150904e20150000cl |||||||||||||||||spa|d
020 |a 9789569661082 
082 0 4 |a 344.8301  |b RIQ  |2 21 
100 0 |a Riquelme Giagnoni, Verónica  |e author  |9 581597 
245 1 0 |a Sindicatos y negociación colectiva en el sector agrario: O'Higgins y Maule 
250 |a 1a. ed 
300 |a 105 p 
942 |c BK 
945 |d 20150904 11:50:00  |a gsalatino 
260 |a Santiago  |b Dirección del Trabajo  |c 2015 
650 0 |a Sindicatos  |9 255034 
650 0 |a Derecho y legislación   |9 255077 
650 0 |a Negociación colectiva  |9 312433 
651 7 |a REGION DEL LIBERTADOR GENERAL BERNARDO O'HIGGINS  |2 CL-VaPUC  |9 489190 
651 0 |a Región del Maule  |9 489192 
583 |a last modification  |c 20150904 11:50:00  |k Rodrigo Vera 
490 0 |a Aporte al Debate Laboral, 32 
999 |c 360616  |d 360614 
952 |0 0  |1 0  |3 erb  |4 0  |6 344_830100000000000_RIQ_2015  |7 0  |8 A  |9 470493  |a BIBDER  |b BIBDER  |i 5196531  |o 344.8301 RIQ 2015  |p 5196531  |r 2023-01-25  |w 2019-11-23  |y BK  |z Catalogado en:20150904  |k DER